000 00593nam a2200205Ii 4500
001 12595
003 CO-ViMGA
008 241108s9999||||xx |||||||||||||| ||und||
040 _aCO-ViMGA
_bspa
_erda
_cCO-ViMGA
041 0 _aunk
082 0 4 _a862.5-B35
100 1 _aJacinto Benavente
_955180
245 1 0 _aRosas de Otoño
264 1 _a[Lugar de publicación no identificado] : Espasa Calpe, 1958
300 _avolumen
336 _atext
_btxt
_2rdacontent
337 _aunmediated
_bn
_2rdamedia
338 _avolume
_bnc
_2rdacarrier
940 _aidficha_siabuc: 12303. -- ficha_no_siabuc:12595
999 _c52607
_d52607